Searching of Conceptual Solutions of Current's World Security Problems

Vybrané otázky pri hľadaní koncepčných riešení bezpečnostných problémov súčasného sveta z hľadiska ich teoretického obsahu. Upozornenie na názor viacerých expertov v ostatnom čase, či nie je čas rozlúčiť sa s ilúziou postbipolárneho obdobia, v ktorom sa myslelo, že sa dá dokázať zabezpečiť mier čist...

Descripción completa

Guardado en:
Detalles Bibliográficos
Autor principal: Čech, Ľubomír, 1955-
Formato: Capítulo de libro
Lenguaje:eslovaco
Materias:
Etiquetas: Agregar Etiqueta
Sin Etiquetas, Sea el primero en etiquetar este registro!

MARC

LEADER 00000naa$a2200000$$$4500
001 0298185
005 20240717073814.8
041 0 |a slo 
044 |a SK 
245 1 0 |a Searching of Conceptual Solutions of Current's World Security Problems  |c Ľubomír Čech 
520 |a Vybrané otázky pri hľadaní koncepčných riešení bezpečnostných problémov súčasného sveta z hľadiska ich teoretického obsahu. Upozornenie na názor viacerých expertov v ostatnom čase, či nie je čas rozlúčiť sa s ilúziou postbipolárneho obdobia, v ktorom sa myslelo, že sa dá dokázať zabezpečiť mier čisto nevojenskými prostriedkami. 
610 2 0 |a bezpečnosť 
610 2 0 |a kooperácia 
610 2 0 |a populácia 
610 2 0 |a demokracia 
610 2 0 |a mier 
610 2 0 |a problémy globálne 
610 2 0 |a problémy spoločenské 
100 1 |a Čech, Ľubomír, 1955-